| 000 | 01125cab a2200229 4500 | ||
|---|---|---|---|
| 001 | ##L134833 | ||
| 008 | 060905n2006 000 0 eng u | ||
| 035 | _a(Sirsi) u134833 | ||
| 041 | 0 | _aeng | |
| 100 | 1 | _aLeftly, Mark | |
| 245 | 0 | 0 | _aIreland special |
| 260 | _c2006 | ||
| 490 | 0 |
_aBuilding _v271(8445) 1 September 2006, 16-53(13) |
|
| 520 | _aSeries of articles on Ireland's construction market. "Objective England" shows how Irish contractors have outgrown their own economy and are looking to the UK for projects. "All together now" looks at Penoyre and Prasad's Holywood Arches primary health care centre in Belfast. "Dr Feelgood" focuses on healthcare development and design in Northern Ireland. "The accidental Dubliner" charts Simon Kaye's transfer to the Dublin EC Harris office and reports on the latest employment trends in Dublin. Includes key data such as Ireland's construction output. | ||
| 590 | _aIKA190906 | ||
| 651 | 4 | _aIRELAND | |
| 651 | 4 | _aNORTHERN IRELAND | |
| 651 | 4 |
_aIreland (Republic of) _y |
|
| 690 | _aBUILT ENVIRONMENT-CONSTRUCTION MARKET | ||
| 700 | 1 | _aSpring, Martin | |
| 942 | _n0 | ||
| 999 |
_c77670 _d77670 |
||